| 000 | 00650nam a2200181Ia 4500 | ||
|---|---|---|---|
| 008 | 090124s9999 xx 000 0 und d | ||
| 082 | _b42094 | ||
| 100 | _aसप्रे मधुवंती | ||
| 245 | _a बारा घरच्या बारा जणी | ||
| 250 | _a1 | ||
| 260 |
_bश्रीशब्दरन्त प्रकाशन _c2004 |
||
| 300 | _a211 | ||
| 600 | _aसप्रे मधुवंती | ||
| 630 | _a बारा घरच्या बारा जणी | ||
| 700 | _aसप्रे मधुवंती | ||
| 730 | _a बारा घरच्या बारा जणी | ||
| 942 | _cBOOK | ||
| 999 |
_c108283 _d108283 |
||